| 000 | 00554nam a22001817a 4500 | ||
|---|---|---|---|
| 999 |
_c18367 _d18367 |
||
| 008 | 200727b xxu||||| |||| 00| 0 eng d | ||
| 020 | _a0131463071 | ||
| 050 |
_aQA76.73 _b.S74 2006 c.1 |
||
| 100 | _aSteel, Christopher | ||
| 245 |
_aCore Security Patterns _bBest practices and strategies for J2EE, web services and identity management |
||
| 260 |
_aUSA _bPearson _c2006 |
||
| 300 | _axlvi, 1041p. | ||
| 650 |
_aJava _vcomputer program language |
||
| 650 | _aComputer security | ||
| 700 | _aRamesh Nagappan | ||
| 700 | _aRay Lai | ||
| 942 |
_2lcc _cBK |
||